ბათუმის შოთა რუსთაველის სახელმწიფო უნივერსიტეტის ბიბლიოთეკა

Краткий философский словарь. (ბიბ.ჩანაწერი № 44741)

000 -LEADER
fixed length control field 00629nam a2200205Ia 4500
001 - CONTROL NUMBER
control field 11546
003 - CONTROL NUMBER IDENTIFIER
control field GE_BSU
008 - FIXED-LENGTH DATA ELEMENTS--GENERAL INFORMATION
fixed length control field 181216s||||||||xx |||||||||||||| ||und||
040 ## - CATALOGING SOURCE
Transcribing agency GE_BSU
080 ## - UNIVERSAL DECIMAL CLASSIFICATION NUMBER
Universal Decimal Classification number 101(035)
245 ## - TITLE STATEMENT
Title Краткий философский словарь.
245 ## - TITLE STATEMENT
Statement of responsibility, etc. Под ред:М.Розенталя и П.Юдина; Ред.В.Викторова.
250 ## - EDITION STATEMENT
Edition statement Изд. 4-ое,доп.и испр.
260 ## - PUBLICATION, DISTRIBUTION, ETC.
Place of publication, distribution, etc. Москва.
260 ## - PUBLICATION, DISTRIBUTION, ETC.
Name of publisher, distributor, etc. Госполитиздат.
260 ## - PUBLICATION, DISTRIBUTION, ETC.
Date of publication, distribution, etc. 1955.
300 ## - PHYSICAL DESCRIPTION
Extent 567с;22см.
653 ## - INDEX TERM--UNCONTROLLED
Uncontrolled term Краткий философский словарь.
942 ## - ADDED ENTRY ELEMENTS (KOHA)
Koha item type წიგნი
ეგზემპლარები
Withdrawn status Lost status Damaged status Not for loan Date acquired Barcode Date last seen Price effective from Koha item type
        2018-12-17 19376 2018-12-17 2018-12-17 წიგნი